Soldato blu /

Gardado en:
Detalles Bibliográficos
Autor Principal: Budd, Roy (Composer)
Outros autores: Bergen, Candice (Actor), Nelson, Ralph (Director), Strauss, Peter (Actor), Pleasence, Donald (Actor), Anderson, John, (1922-1992) (Actor)
Formato: Deslizar
Idioma:Lingua italiana
Publicado: [Roma] : L'Unità, 1995
Series:Americana ; 5
Subjects:
Tags: Engadir etiqueta
Sen Etiquetas, Sexa o primeiro en etiquetar este rexistro!

MARC

LEADER 00000ngm a22000007i 4500
001 IT\ICCU\RAV\0278953
003 ItRI
005 20260124182905.0
008 960913s1995 it |||||||||||||||k|||||c
040 |b ita 
041 7 |a ita  |2 ISO-639-2 
082 |a 791.436278  |9 CINEMA. Film su temi e soggetti specifici. Stati Uniti occidentali  |2 20 
130 0 |a Soldier blue <film ; 1970>  |3 IT\ICCU\MOD\0894538 
245 0 0 |a Soldato blu /  |c regia Ralph Nelson ; musiche Roy Budd ; tratto dal romanzo "Arrow in the sun" di Theodore V. Olsen. 
260 |a [Roma] :  |b L'Unità,  |c 1995 
300 |a 1 videocassetta (VHS) (110 min) :  |b color., sonor 
500 |a Titolo del contenitore 
500 |a Film del 1970, USA; interpreti: Candice Bergen, Peter Strauss, Donald Pleasence, John Anderson 
500 |a Vietato ai minori di 14 anni 
500 |a Suppl. a: L'Unità. 
650 7 |a Film 
700 1 |a Bergen, Candice  |0 IT\ICCU\CFIV\074386  |4 act 
700 1 |a Nelson, Ralph  |0 IT\ICCU\MILV\122193  |4 drt 
700 1 |a Budd, Roy  |0 IT\ICCU\MILV\234306  |4 cmp 
700 1 |a Olsen, Theodore V.  |0 IT\ICCU\RAVV\003641  |4 ant 
700 1 |a Strauss, Peter  |0 IT\ICCU\RAVV\097355  |4 act 
700 1 |a Pleasence, Donald  |0 IT\ICCU\RAVV\099755  |4 act 
700 1 |a Anderson, John,  |d  (1922-1992)  |0 IT\ICCU\UBOV\346219  |4 act 
790 1 |a Olsen, T. V.  |3 IT\ICCU\LIGV\021589  |z Olsen, Theodore V. 
830 0 |a Americana ;  |v 5  |0 IT\ICCU\RAV\0278880 
942 |2 ddc  |c VM  |n 0 
952 |0 0  |1 0  |4 0  |6 VO_919_000000000000000  |7 0  |9 27636  |a BO  |b BO  |d 2026-01-24  |i 7882  |l 0  |o VO 919  |p BO7882  |r 2026-01-24 18:29:05  |w 2026-01-24  |x [Sebina 5] [1 videocassetta]  |y VM  |z 1 videocassetta 
999 |c 23422  |d 23422